[Event "Toronto Tch U2000 2007-08"]
[Site "Toronto CAN"]
[Date "2007.04.19"]
[Round "?"]
[White "Wu, Aaron"]
[Black "Noritsyn, Elizabeth"]
[Result "1-0"]
[WhiteElo "1491"]
[BlackElo "1349"]
[PlyCount "53"]
[GameId "2160767910565938"]
[EventDate "2007.12.13"]
[EventType "team"]
[EventCountry "CAN"]

1. e4 e5 2. Nf3 Nc6 3. Bb5 a6 4. Bxc6 dxc6 5. O-O Bg4 6. d3 Bd6 7. Nbd2 Qf6 8. Re1 Ne7 9. h3 Be6 10. Nf1 h6 11. c3 O-O-O 12. d4 Ng6 13. Qc2 Qe7 14. c4 exd4 15. Nxd4 Bb4 16. Nxe6 Bxe1 17. Nxd8 Rxd8 18. Be3 Bb4 19. c5 Qe5 20. a3 Ba5 21. Rb1 b6 22. b4 bxc5 23. bxa5 c4 24. Qxc4 Qxa5 25. Qxc6 Ne5 26. Qa8+ Kd7 27. Rd1+ 1-0

[Event "Toronto Tch U2000 2007-08"]
[Site "Toronto CAN"]
[Date "2007.05.15"]
[Round "?"]
[White "Wang, Jesse BJ"]
[Black "Sherman, Joshua"]
[Result "0-1"]
[WhiteElo "1850"]
[BlackElo "1745"]
[PlyCount "60"]
[GameId "2160767910565939"]
[EventDate "2007.12.13"]
[EventType "team"]
[EventCountry "CAN"]

1. e4 c5 2. Nc3 Nc6 3. Bb5 d6 4. Bxc6+ bxc6 5. d3 e5 6. f4 Nf6 7. Nf3 Qc7 8. fxe5 dxe5 9. O-O Be7 10. Be3 Ng4 11. Bd2 c4 12. Na4 Ba6 13. Ng5 Nf6 14. dxc4 Bxc4 15. Re1 h6 16. Nh3 Rd8 17. b3 Bb5 18. Nc3 Bb4 19. Qc1 Qa5 20. Re3 Bc5 21. Be1 Ng4 22. Nxb5 Qb6 23. Nc7+ Kf8 24. Kh1 Nxe3 25. Na8 Qb7 26. Bf2 Rd1+ 27. Qxd1 Nxd1 28. Bxc5+ Kg8 29. Rxd1 Kh7 30. Nf2 Rxa8 0-1

[Event "Toronto Tch U2000 2007-08"]
[Site "Toronto CAN"]
[Date "2007.05.15"]
[Round "?"]
[White "Wong, B."]
[Black "Sherman, Joshua"]
[Result "0-1"]
[WhiteElo "1850"]
[BlackElo "1745"]
[PlyCount "38"]
[GameId "2160767910565940"]
[EventDate "2007.12.13"]
[EventType "team"]
[EventCountry "CAN"]

1. e4 c5 2. Nc3 Nc6 3. Bb5 d6 4. Bxc6+ bxc6 5. d3 e5 6. f4 Nf6 7. Nf3 Qc7 8. fxe5 dxe5 9. O-O Be7 10. Be3 Ng4 11. Bd2 c4 12. Na4 Ba6 13. Ng5 Nf6 14. dxc4 Bxc4 15. Re1 h6 16. Nh3 Rd8 17. b3 Bb5 18. Nc3 Bb4 19. Qc1 Qa5 0-1

[Event "Toronto Tch U2000 2007-08"]
[Site "Toronto CAN"]
[Date "2008.01.24"]
[Round "?"]
[White "Chudnovsky, Boris"]
[Black "Villalobos, Oscar"]
[Result "1-0"]
[WhiteElo "1996"]
[BlackElo "1932"]
[PlyCount "47"]
[GameId "2160767910565941"]
[EventDate "2007.12.13"]
[EventType "team"]
[EventCountry "CAN"]

1. Nf3 Nf6 2. g3 c5 3. Bg2 Nc6 4. d3 d5 5. O-O e5 6. Nbd2 Bf5 7. Re1 Qd7 8. e4 dxe4 9. dxe4 Bg4 10. c3 Be7 11. Qc2 h5 12. h4 Nh7 13. Nc4 Qe6 14. Ne3 g5 15. Nf5 Bxf5 16. exf5 Qd6 17. Bxg5 Nxg5 18. Nxg5 Bxg5 19. Rad1 Qc7 20. hxg5 Ne7 21. Qe4 Rg8 22. Qxe5 Qxe5 23. Rxe5 Kf8 24. Rd7 1-0

[Event "Toronto Tch U2000 2007-08"]
[Site "Toronto CAN"]
[Date "2008.01.24"]
[Round "?"]
[White "Smith, Maurice"]
[Black "Kornmann, Maxim"]
[Result "1-0"]
[WhiteElo "1544"]
[BlackElo "1799"]
[PlyCount "55"]
[GameId "2160767910565942"]
[EventDate "2007.12.13"]
[EventType "team"]
[EventCountry "CAN"]

1. e4 e5 2. Nf3 d6 3. Bc4 Be7 4. O-O Nf6 5. d3 O-O 6. h3 Nc6 7. Nc3 Na5 8. Bb3 Nxb3 9. axb3 c6 10. d4 exd4 11. Nxd4 Re8 12. Be3 a6 13. Re1 Nd7 14. Nf5 Bf8 15. Nxd6 Bxd6 16. Qxd6 Re6 17. Qd2 Qe7 18. Rad1 Nf6 19. Qd8+ Qf8 20. Qxf8+ Kxf8 21. f3 b5 22. Rd3 Re8 23. Bc5+ Kg8 24. Red1 Be6 25. Ne2 g5 26. Rd6 Rac8 27. Nd4 Nd7 28. Nxe6 1-0

[Event "Toronto Tch U2000 2007-08"]
[Site "Toronto CAN"]
[Date "2007.12.13"]
[Round "1"]
[White "Jizan, Masoud"]
[Black "Laimer, Alice"]
[Result "1-0"]
[WhiteElo "1612"]
[BlackElo "1535"]
[PlyCount "71"]
[GameId "2160767910565943"]
[EventDate "2007.12.13"]
[EventType "team"]
[EventCountry "CAN"]

1. c4 e5 2. Nc3 Nc6 3. Nf3 Nf6 4. d3 g6 5. g3 Bg7 6. Bg2 O-O 7. e4 d6 8. Bg5 h6 9. Bh4 g5 10. Nxg5 hxg5 11. Bxg5 Ne7 12. h4 Qd7 13. Qf3 Qg4 14. Qe3 Qh5 15. f3 c6 16. O-O-O Ng6 17. g4 Qh7 18. d4 Nf4 19. Bxf4 exf4 20. Qxf4 Ne8 21. g5 Qg6 22. h5 Qe6 23. Bh3 Qxc4 24. Bf1 Qb4 25. Qe3 Bd7 26. h6 Bh8 27. e5 Bf5 28. Bd3 Bxd3 29. Rxd3 dxe5 30. dxe5 Qe7 31. f4 Nc7 32. h7+ Kg7 33. Qh3 f6 34. g6 Kxg6 35. Qh5+ Kg7 36. Rg3# 1-0

[Event "Toronto Tch U2000 2007-08"]
[Site "Toronto CAN"]
[Date "2007.12.13"]
[Round "1"]
[White "Venkataraman, Ravi"]
[Black "Wu, Aaron"]
[Result "0-1"]
[WhiteElo "1730"]
[BlackElo "1675"]
[PlyCount "90"]
[GameId "2160767910565944"]
[EventDate "2007.12.13"]
[EventType "team"]
[EventCountry "CAN"]

1. e4 c5 2. Nf3 d6 3. d4 cxd4 4. Nxd4 Nf6 5. Nc3 a6 6. Bg5 Nbd7 7. Qd2 b5 8. f3 h6 9. Be3 Bb7 10. Nf5 Qc7 11. Rd1 Ne5 12. Be2 Nc4 13. Bxc4 Qxc4 14. Kf2 b4 15. Na4 Bxe4 16. Nb6 Qb5 17. Nxa8 Qxf5 18. Nc7+ Kd7 19. Nxa6 Bxf3 20. Ke1 Bxd1 21. Kxd1 Nd5 22. Nxb4 Qg4+ 23. Kc1 Nxb4 24. Rf1 Nxa2+ 25. Kb1 Qc4 26. Rf4 Qa6 27. b3 g5 28. Ra4 Qf1+ 29. Kxa2 Bg7 30. Bd4 Bxd4 31. Qxd4 Rc8 32. Ra7+ Ke6 33. Qe4+ Kf6 34. Qxe7+ Kg7 35. Kb2 Qf2 36. Rc7 Qd4+ 37. c3 Qf2+ 38. Kc1 Qf1+ 39. Kd2 Rxc7 40. Qxc7 Qxg2+ 41. Kd3 Qxh2 42. b4 Qe5 43. Qd7 Qd5+ 44. Ke3 Kf6 45. b5 Qe6+ 0-1

[Event "Toronto Tch U2000 2007-08"]
[Site "Toronto CAN"]
[Date "2008.05.06"]
[Round "1"]
[White "Villalobos, Oscar"]
[Black "Chudnovsky, Boris"]
[Result "1-0"]
[WhiteElo "1863"]
[BlackElo "2100"]
[PlyCount "87"]
[GameId "2160767910565945"]
[EventDate "2007.12.13"]
[EventType "team"]
[EventCountry "CAN"]

1. d4 Nf6 2. Nf3 g6 3. Nc3 Bg7 4. e4 O-O 5. Bf4 d6 6. Qd2 Bg4 7. Be2 Nbd7 8. Bh6 c5 9. Bxg7 Kxg7 10. h4 Bxf3 11. Bxf3 cxd4 12. Qxd4 Ne5 13. Be2 h5 14. O-O-O Qa5 15. g4 hxg4 16. h5 gxh5 17. Rdg1 Qc5 18. Qd2 Rg8 19. f3 Kf8 20. Qh6+ Ke8 21. fxg4 hxg4 22. Nd5 Nxd5 23. exd5 Rc8 24. Qh7 Qe3+ 25. Kb1 Qxe2 26. Qxg8+ Kd7 27. Qh7 b5 28. Qf5+ Kc7 29. Rg3 Kb7 30. Rb3 Rc5 31. a4 Rxd5 32. Rh8 e6 33. Qf6 Qd1+ 34. Ka2 Qxc2 35. Qd8 Qc7 36. Qa8+ Ka6 37. Rc8 Qb7 38. axb5+ Rxb5 39. Ra3+ Ra5 40. Rxa5+ Kb6 41. Rb5+ Kxb5 42. Qxb7+ Ka4 43. Rb8 Ka5 44. Qxa7# 1-0

[Event "Toronto Tch U2000 2007-08"]
[Site "Toronto CAN"]
[Date "2007.04.12"]
[Round "5"]
[White "Lamb, Bryan"]
[Black "Moysoski, Randy"]
[Result "1-0"]
[WhiteElo "2203"]
[BlackElo "1916"]
[PlyCount "101"]
[GameId "2160767910565952"]
[EventDate "2007.12.13"]
[EventType "team"]
[EventCountry "CAN"]

1. c4 Nf6 2. g3 e5 3. Bg2 Bc5 4. Nc3 a6 5. e3 Nc6 6. Nge2 d6 7. h3 Bf5 8. d4 Bb6 9. O-O O-O 10. a3 Na5 11. b3 Ba7 12. e4 exd4 13. Nxd4 Bxd4 14. Qxd4 Nxb3 15. Qd1 Nxa1 16. exf5 c6 17. Bb2 Qa5 18. g4 h6 19. Bxa1 Qxa3 20. Qf3 Rad8 21. Nd5 Qxf3 22. Nxf6+ gxf6 23. Bxf3 Kg7 24. h4 d5 25. cxd5 cxd5 26. Bd4 Rc8 27. g5 Rc4 28. Bxf6+ Kh7 29. Kg2 Rc7 30. Bxd5 b5 31. Be4 Rc4 32. g6+ Kg8 33. Bd5 Rf4 34. Re1 Rxf5 35. gxf7+ Kh7 36. Be4 Kg6 37. Bxf5+ Kxf5 38. Bg7 Rxf7 39. Bxh6 Rd7 40. Rb1 Rb7 41. Bd2 a5 42. h5 Rg7+ 43. Kf3 Rd7 44. Be3 Rb7 45. h6 Kf6 46. Ke4 Kg6 47. Rg1+ Kf6 48. Bd4+ Ke6 49. Rg6+ Kd7 50. Rg7+ Kc6 51. Rxb7 1-0

[Event "Toronto Tch U2000 2007-08"]
[Site "Toronto CAN"]
[Date "2007.04.19"]
[Round "5"]
[White "Sherman, Joshua"]
[Black "Thomas, Devon"]
[Result "1-0"]
[WhiteElo "1700"]
[BlackElo "1875"]
[PlyCount "63"]
[GameId "2160767910565953"]
[EventDate "2007.12.13"]
[EventType "team"]
[EventCountry "CAN"]

1. e4 c5 2. d4 cxd4 3. c3 dxc3 4. Nxc3 Nc6 5. Bc4 e6 6. Nf3 Nf6 7. Qe2 Qc7 8. O-O Ng4 9. g3 Bc5 10. Bf4 e5 11. Nd5 Qd8 12. Bg5 f6 13. Be3 Nxe3 14. fxe3 d6 15. Nh4 h5 16. Nf5 Kf8 17. a3 a6 18. Rad1 b5 19. Ba2 b4 20. axb4 Nxb4 21. Nxb4 Bxf5 22. Rxf5 Qa5 23. Qc4 Qc7 24. Nd5 Qf7 25. b4 Ba7 26. Rdf1 Rh6 27. Qc6 Rd8 28. Bc4 Bb8 29. Nxf6 gxf6 30. Bxf7 Kxf7 31. Qb7+ Ke6 32. Qg7 1-0

[Event "Veranda Inv."]
[Site "Fancy Lake CAN"]
[Date "2007.08.04"]
[Round "1"]
[White "Charlton, Glenn"]
[Black "Kenney, David"]
[Result "1-0"]
[WhiteElo "2032"]
[BlackElo "1786"]
[PlyCount "73"]
[GameId "2160767910579931"]
[EventDate "2007.08.04"]
[EventType "tourn"]
[EventRounds "3"]
[EventCountry "CAN"]

1. e4 d6 2. d4 Nf6 3. Nc3 g6 4. Nf3 Bg7 5. h3 c6 6. a4 O-O 7. Be3 Nbd7 8. Be2 b6 9. O-O Qc7 10. Nd2 e5 11. dxe5 dxe5 12. Nc4 Bb7 13. Qd6 Qc8 14. Rfd1 Rd8 15. Qa3 Qc7 16. a5 Rab8 17. a6 Ba8 18. b4 Bf8 19. Qb3 Rbc8 20. Rd2 c5 21. Nb5 Nxe4 22. Nxc7 Nxd2 23. Nxd2 Rxc7 24. Bc4 Nb8 25. b5 Kg7 26. Re1 f6 27. Nb1 Rcd7 28. Nc3 Rd6 29. f4 exf4 30. Bxf4 Rd4 31. Be3 R4d7 32. Be6 Re7 33. Bd5 Bxd5 34. Nxd5 Re5 35. Bh6+ Kxh6 36. Rxe5 fxe5 37. Qe3+ 1-0

[Event "Veranda Inv."]
[Site "Fancy Lake CAN"]
[Date "2007.08.05"]
[Round "2"]
[White "Kenney, David"]
[Black "Naugler, Rex"]
[Result "1-0"]
[WhiteElo "1786"]
[BlackElo "1790"]
[PlyCount "95"]
[GameId "2160767910579932"]
[EventDate "2007.08.04"]
[EventType "tourn"]
[EventRounds "3"]
[EventCountry "CAN"]

1. d4 d5 2. Nf3 Nf6 3. e3 g6 4. c4 Bg7 5. cxd5 Nxd5 6. Nc3 O-O 7. Be2 c5 8. O-O Nc6 9. Qb3 Nxc3 10. bxc3 Na5 11. Qc2 c4 12. e4 b5 13. Bf4 Bb7 14. Rad1 e6 15. Rfe1 Nc6 16. Bf1 h6 17. Bg3 Ne7 18. Qe2 Re8 19. Nd2 Qa5 20. Nb1 f5 21. f3 Kh7 22. Bd6 Rad8 23. Bc5 Ng8 24. Qc2 Nf6 25. Re2 a6 26. Rde1 Qc7 27. g3 Qf7 28. Bg2 Qc7 29. a4 Nd7 30. Ba3 Nf6 31. axb5 axb5 32. Nd2 Bc6 33. Nf1 Qb7 34. Bc1 Rb8 35. Ba3 Ra8 36. Bb4 Bf8 37. Bxf8 Rxf8 38. exf5 Bxf3 39. fxg6+ Kg8 40. Rxe6 Bxg2 41. Qxg2 Qxg2+ 42. Kxg2 Nd5 43. Ne3 Ra2+ 44. Kh3 Nxc3 45. Ng4 Kg7 46. Re7+ Kxg6 47. R1e6+ Kg5 48. Rg7+ 1-0

[Event "Veranda Inv."]
[Site "Fancy Lake CAN"]
[Date "2007.08.05"]
[Round "3"]
[White "Pentz, Brian"]
[Black "Kenney, David"]
[Result "0-1"]
[WhiteElo "1901"]
[BlackElo "1786"]
[PlyCount "58"]
[GameId "2160767910579933"]
[EventDate "2007.08.04"]
[EventType "tourn"]
[EventRounds "3"]
[EventCountry "CAN"]

1. f4 c5 2. e3 Nf6 3. Nf3 g6 4. c4 Bg7 5. Nc3 O-O 6. Be2 b6 7. O-O Bb7 8. d3 e6 9. e4 d6 10. Qe1 Nc6 11. Qg3 Qd7 12. Be3 d5 13. e5 Nh5 14. Qh3 d4 15. g4 dxe3 16. gxh5 Nd4 17. hxg6 fxg6 18. Ne1 Nxe2+ 19. Nxe2 Rf7 20. Qxe3 Raf8 21. Ng3 Bh6 22. Ne2 g5 23. Qh3 Qc6 24. Nf3 g4 25. Qg3 Kh8 26. Nd2 Bxf4 27. Nxf4 Rxf4 28. Rxf4 Rxf4 29. Qxf4 Qg2# 0-1

[Event "Winnipeg Apr Sect-A"]
[Site "Winnipeg CAN"]
[Date "2007.04.20"]
[Round "1"]
[White "Kaptsan, Aron"]
[Black "Gentes, Kevin"]
[Result "1/2-1/2"]
[WhiteElo "2025"]
[BlackElo "2296"]
[PlyCount "23"]
[GameId "2160767910693061"]
[EventDate "2007.04.20"]
[EventType "tourn"]
[EventRounds "5"]
[EventCountry "CAN"]
[SourceTitle "EXT 2019"]
[Source "ChessBase"]
[SourceDate "2018.10.10"]
[SourceVersion "1"]
[SourceVersionDate "2018.10.10"]
[SourceQuality "1"]

1. e4 e5 2. Nf3 Nc6 3. Bb5 Nf6 4. Nc3 Nd4 5. Ba4 Bc5 6. Nxe5 b5 7. Bb3 Qe7 8. Nf3 b4 9. Nxd4 Bxd4 10. Nd5 Qxe4+ 11. Qe2 Qxe2+ 12. Kxe2 1/2-1/2

[Event "Winnipeg Apr Sect-A"]
[Site "Winnipeg CAN"]
[Date "2007.04.20"]
[Round "1"]
[White "Khedkar, Jay S"]
[Black "Karmali, Hafiz"]
[Result "1-0"]
[WhiteElo "1974"]
[BlackElo "2041"]
[PlyCount "95"]
[GameId "2160767910693062"]
[EventDate "2007.04.20"]
[EventType "tourn"]
[EventRounds "5"]
[EventCountry "CAN"]
[SourceTitle "EXT 2019"]
[Source "ChessBase"]
[SourceDate "2018.10.10"]
[SourceVersion "1"]
[SourceVersionDate "2018.10.10"]
[SourceQuality "1"]

1. e4 Nf6 2. e5 Nd5 3. d4 d6 4. Nf3 Bg4 5. Bc4 e6 6. O-O dxe5 7. dxe5 Bc5 8. h3 Bh5 9. Re1 c6 10. c3 Nd7 11. Nbd2 Qc7 12. g4 Bg6 13. Ne4 Be7 14. Ng3 O-O-O 15. Bxd5 cxd5 16. Qa4 Kb8 17. b4 Nb6 18. Qb3 Rc8 19. Ne2 h5 20. g5 Be4 21. Nfd4 Nc4 22. Nb5 Qb6 23. a4 a6 24. Nbd4 Nxe5 25. a5 Qc7 26. Bf4 Bd6 27. b5 Ka8 28. Ng3 Qxc3 29. Qxc3 Rxc3 30. Nxe4 dxe4 31. Rxe4 Nc4 32. Ne2 Rc2 33. Rxc4 Rxc4 34. Bxd6 Rd8 35. Be5 Re4 36. Bc7 Rd7 37. Ng3 Rc4 38. b6 h4 39. Nh5 Rd5 40. g6 fxg6 41. Nxg7 e5 42. Re1 Rcc5 43. Ne6 Rxa5 44. Rc1 Rab5 45. Bd6 Rxb6 46. Rc8+ Ka7 47. Bb8+ Ka8 48. Nc7# 1-0

[Event "Winnipeg Apr Sect-A"]
[Site "Winnipeg CAN"]
[Date "2007.04.20"]
[Round "1"]
[White "Vlaovic, George"]
[Black "Boron, Anthony"]
[Result "1/2-1/2"]
[WhiteElo "2255"]
[BlackElo "2012"]
[PlyCount "56"]
[GameId "2160767910693063"]
[EventDate "2007.04.20"]
[EventType "tourn"]
[EventRounds "5"]
[EventCountry "CAN"]
[SourceTitle "EXT 2019"]
[Source "ChessBase"]
[SourceDate "2018.10.10"]
[SourceVersion "1"]
[SourceVersionDate "2018.10.10"]
[SourceQuality "1"]

1. e4 c5 2. Nf3 d6 3. d4 cxd4 4. Nxd4 Nf6 5. Nc3 a6 6. Bd3 g6 7. Bg5 Bg7 8. Qd2 Nbd7 9. Bh6 Bxh6 10. Qxh6 Qb6 11. Nb3 Qxf2+ 12. Kxf2 Ng4+ 13. Kg3 Nxh6 14. Nd5 Kd8 15. Rad1 e6 16. Ne3 Ne5 17. Be2 Ke7 18. Nd2 f5 19. h4 fxe4 20. Nxe4 d5 21. Ng5 Nf5+ 22. Nxf5+ gxf5 23. Rhe1 h6 24. Nh3 Rg8+ 25. Kf2 Kf6 26. Nf4 Ng4+ 27. Bxg4 Rxg4 28. g3 b5 1/2-1/2

[Event "Winnipeg Apr Sect-A"]
[Site "Winnipeg CAN"]
[Date "2007.04.21"]
[Round "2"]
[White "Boron, Anthony"]
[Black "Kaptsan, Aron"]
[Result "1/2-1/2"]
[WhiteElo "2012"]
[BlackElo "2025"]
[PlyCount "22"]
[GameId "2160767910693064"]
[EventDate "2007.04.20"]
[EventType "tourn"]
[EventRounds "5"]
[EventCountry "CAN"]
[SourceTitle "EXT 2019"]
[Source "ChessBase"]
[SourceDate "2018.10.10"]
[SourceVersion "1"]
[SourceVersionDate "2018.10.10"]
[SourceQuality "1"]

1. e4 c5 2. Nc3 d6 3. g3 Nf6 4. Bg2 Nc6 5. d3 e6 6. Nge2 Be7 7. O-O Rb8 8. d4 cxd4 9. Nxd4 a6 10. Nxc6 bxc6 11. e5 Nd5 1/2-1/2

[Event "Winnipeg Apr Sect-A"]
[Site "Winnipeg CAN"]
[Date "2007.04.21"]
[Round "2"]
[White "Karmali, Hafiz"]
[Black "Gentes, Kevin"]
[Result "1/2-1/2"]
[WhiteElo "2041"]
[BlackElo "2296"]
[PlyCount "71"]
[GameId "2160767910693065"]
[EventDate "2007.04.20"]
[EventType "tourn"]
[EventRounds "5"]
[EventCountry "CAN"]
[SourceTitle "EXT 2019"]
[Source "ChessBase"]
[SourceDate "2018.10.10"]
[SourceVersion "1"]
[SourceVersionDate "2018.10.10"]
[SourceQuality "1"]

1. d4 Nf6 2. c4 g6 3. Nc3 Bg7 4. e4 d6 5. f4 O-O 6. Nf3 c5 7. d5 b5 8. cxb5 Bb7 9. Bc4 a6 10. O-O axb5 11. Bxb5 Qb6 12. Qe2 Na6 13. Kh1 Nc7 14. Bc4 Ba6 15. Bxa6 Rxa6 16. Nd2 Ra7 17. Nc4 Qa6 18. Be3 Nd7 19. Rfe1 Rb8 20. Rac1 Rb4 21. b3 Bxc3 22. Rxc3 Qxa2 23. Qxa2 Rxa2 24. Kg1 Nb5 25. Rd3 Na3 26. Bd2 Rb8 27. Nxa3 Rxa3 28. Ree3 c4 29. bxc4 Rb1+ 30. Kf2 Ra2 31. Re2 Rbb2 32. Ke1 Rb1+ 33. Kf2 Rbb2 34. Ke1 Ra1+ 35. Kf2 Raa2 36. Ke1 1/2-1/2

[Event "Winnipeg Apr Sect-A"]
[Site "Winnipeg CAN"]
[Date "2007.04.21"]
[Round "2"]
[White "Khedkar, Jay S"]
[Black "Vlaovic, George"]
[Result "1-0"]
[WhiteElo "1974"]
[BlackElo "2255"]
[PlyCount "59"]
[GameId "2160767910693066"]
[EventDate "2007.04.20"]
[EventType "tourn"]
[EventRounds "5"]
[EventCountry "CAN"]
[SourceTitle "EXT 2019"]
[Source "ChessBase"]
[SourceDate "2018.10.10"]
[SourceVersion "1"]
[SourceVersionDate "2018.10.10"]
[SourceQuality "1"]

1. e4 c5 2. Nf3 b6 3. d4 cxd4 4. Nxd4 Bb7 5. Nc3 a6 6. a4 e6 7. Bd3 Qc7 8. O-O Nc6 9. Nxc6 dxc6 10. Qe2 Nf6 11. Be3 h5 12. f3 Bd6 13. h3 h4 14. f4 e5 15. f5 Be7 16. Rfd1 Nd7 17. Qf2 O-O 18. Rd2 b5 19. Rad1 Rfd8 20. Qf3 Nc5 21. f6 gxf6 22. Qg4+ Kf8 23. Bh6+ Ke8 24. Qg8+ Kd7 25. Be2+ Kc8 26. Rxd8+ Bxd8 27. Bg4+ Ne6 28. Be3 b4 29. Bc5 Qa5 30. Bd6 1-0

[Event "Winnipeg Apr Sect-A"]
[Site "Winnipeg CAN"]
[Date "2007.04.21"]
[Round "3"]
[White "Gentes, Kevin"]
[Black "Boron, Anthony"]
[Result "1-0"]
[WhiteElo "2296"]
[BlackElo "2012"]
[PlyCount "45"]
[GameId "2160767910693067"]
[EventDate "2007.04.20"]
[EventType "tourn"]
[EventRounds "5"]
[EventCountry "CAN"]
[SourceTitle "EXT 2019"]
[Source "ChessBase"]
[SourceDate "2018.10.10"]
[SourceVersion "1"]
[SourceVersionDate "2018.10.10"]
[SourceQuality "1"]

1. d4 Nf6 2. c4 e6 3. g3 Bb4+ 4. Bd2 Be7 5. Bg2 d5 6. Nf3 O-O 7. Nc3 c5 8. cxd5 exd5 9. O-O Nc6 10. dxc5 d4 11. Na4 h6 12. b4 Ne4 13. Rc1 a5 14. bxa5 Nxd2 15. Nxd2 Qxa5 16. Nb6 Ra6 17. Nb3 Qa3 18. Nc4 Qa4 19. Nb6 Qa3 20. Nxd4 Qxa2 21. Bxc6 bxc6 22. Nxc6 Bf6 23. Nb4 1-0

[Event "Winnipeg Apr Sect-A"]
[Site "Winnipeg CAN"]
[Date "2007.04.21"]
[Round "3"]
[White "Kaptsan, Aron"]
[Black "Khedkar, Jay S"]
[Result "0-1"]
[WhiteElo "2025"]
[BlackElo "1974"]
[PlyCount "108"]
[GameId "2160767910693068"]
[EventDate "2007.04.20"]
[EventType "tourn"]
[EventRounds "5"]
[EventCountry "CAN"]
[SourceTitle "EXT 2019"]
[Source "ChessBase"]
[SourceDate "2018.10.10"]
[SourceVersion "1"]
[SourceVersionDate "2018.10.10"]
[SourceQuality "1"]

1. e4 c5 2. d4 cxd4 3. Nf3 d6 4. Nxd4 Nf6 5. Nc3 a6 6. Be2 e6 7. a4 Nbd7 8. f4 b6 9. O-O Bb7 10. Bf3 Qc7 11. Qe2 Rc8 12. Be3 Be7 13. g4 Nc5 14. Qg2 Nfd7 15. Nce2 Nf8 16. Nc3 Ng6 17. f5 Nh4 18. Qg3 e5 19. Nde2 Nxf3+ 20. Qxf3 h6 21. Ng3 Nd7 22. Nh5 Kf8 23. Rad1 Nf6 24. Nxf6 Bxf6 25. Rf2 Bg5 26. Bxg5 hxg5 27. f6 g6 28. Nd5 Qc5 29. Kg2 Rd8 30. Qe2 a5 31. b3 Ba8 32. Qd2 Bxd5 33. Qxd5 Rxh2+ 34. Kxh2 Qxf2+ 35. Kh3 Qh4+ 36. Kg2 Qxg4+ 37. Kf2 Qf4+ 38. Ke2 Qxf6 39. Qb7 Qe6 40. Qxb6 Rd7 41. Qxa5 Qg4+ 42. Kd2 Qxe4 43. Kc1 g4 44. Qb6 Ke7 45. a5 Qb7 46. Qe3 Qf3 47. Qg5+ Ke6 48. Qh4 f5 49. Rd3 Qf4+ 50. Kb1 e4 51. Rc3 Qd2 52. Rc8 Re7 53. Rg8 e3 54. Rxg6+ Kd7 0-1

[Event "Winnipeg Apr Sect-A"]
[Site "Winnipeg CAN"]
[Date "2007.04.21"]
[Round "3"]
[White "Vlaovic, George"]
[Black "Karmali, Hafiz"]
[Result "0-1"]
[WhiteElo "2255"]
[BlackElo "2041"]
[PlyCount "90"]
[GameId "2160767910693069"]
[EventDate "2007.04.20"]
[EventType "tourn"]
[EventRounds "5"]
[EventCountry "CAN"]
[SourceTitle "EXT 2019"]
[Source "ChessBase"]
[SourceDate "2018.10.10"]
[SourceVersion "1"]
[SourceVersionDate "2018.10.10"]
[SourceQuality "1"]

1. e4 e6 2. d4 d5 3. Nc3 Nf6 4. Bg5 Be7 5. e5 Nfd7 6. Bxe7 Qxe7 7. f4 a6 8. Nf3 c5 9. Qd2 Nc6 10. g3 b5 11. Nd1 cxd4 12. Nxd4 Nxd4 13. Qxd4 Nc5 14. Ne3 g6 15. Bg2 Bb7 16. h4 h5 17. O-O Rc8 18. Rfd1 O-O 19. Kh2 Rfd8 20. Bf1 Ne4 21. c3 Kg7 22. a4 Bc6 23. axb5 axb5 24. Ra7 Rd7 25. Rda1 Rcc7 26. R7a5 Rb7 27. Nc2 Rdc7 28. Nb4 Bd7 29. Bd3 Nd2 30. Be2 Nb3 31. Qg1 Nxa5 32. Rxa5 Qc5 33. Qxc5 Rxc5 34. Kg2 Rcc7 35. Kf2 Ra7 36. Rxa7 Rxa7 37. Bd3 Ra1 38. Ke3 Rg1 39. Kf2 Rd1 40. Ke3 Kf8 41. Bc2 Ra1 42. Nd3 Ke7 43. Nb4 Kd8 44. Bd3 Kc7 45. Nc2 Rg1 0-1

[Event "Winnipeg Apr Sect-A"]
[Site "Winnipeg CAN"]
[Date "2007.04.22"]
[Round "4"]
[White "Karmali, Hafiz"]
[Black "Boron, Anthony"]
[Result "1-0"]
[WhiteElo "2041"]
[BlackElo "2012"]
[PlyCount "71"]
[GameId "2160767910693070"]
[EventDate "2007.04.20"]
[EventType "tourn"]
[EventRounds "5"]
[EventCountry "CAN"]
[SourceTitle "EXT 2019"]
[Source "ChessBase"]
[SourceDate "2018.10.10"]
[SourceVersion "1"]
[SourceVersionDate "2018.10.10"]
[SourceQuality "1"]

1. d4 d5 2. c4 e5 3. dxe5 d4 4. Nf3 Nc6 5. g3 Nge7 6. Bg2 Be6 7. b3 Ng6 8. Bb2 Bb4+ 9. Nbd2 Qd7 10. a3 Be7 11. O-O O-O-O 12. b4 Ngxe5 13. b5 Nxf3+ 14. Nxf3 Na5 15. Qa4 Nxc4 16. Nxd4 Bd5 17. Qxa7 Nb6 18. Rac1 Bxg2 19. Kxg2 Qd5+ 20. e4 Qxe4+ 21. f3 Qg6 22. Nc6 Rd2+ 23. Rf2 Rxf2+ 24. Kxf2 bxc6 25. Rxc6 Bd6 26. Qxb6 Qh6 27. Kg2 Re8 28. Qf2 Qg6 29. Qc2 Qe6 30. Bd4 Qe1 31. Qf5+ Kb8 32. Rc2 Bxa3 33. Qd3 Bd6 34. b6 cxb6 35. Bxb6 Re6 36. Qa6 1-0

[Event "Winnipeg Apr Sect-A"]
[Site "Winnipeg CAN"]
[Date "2007.04.22"]
[Round "4"]
[White "Vlaovic, George"]
[Black "Kaptsan, Aron"]
[Result "1/2-1/2"]
[WhiteElo "2255"]
[BlackElo "2025"]
[PlyCount "48"]
[GameId "2160767910693071"]
[EventDate "2007.04.20"]
[EventType "tourn"]
[EventRounds "5"]
[EventCountry "CAN"]
[SourceTitle "EXT 2019"]
[Source "ChessBase"]
[SourceDate "2018.10.10"]
[SourceVersion "1"]
[SourceVersionDate "2018.10.10"]
[SourceQuality "1"]

1. e4 c5 2. Nf3 d6 3. d4 cxd4 4. Nxd4 Nf6 5. Nc3 g6 6. Be3 Bg7 7. f3 a6 8. Qd2 h5 9. Bc4 b5 10. Bb3 Bb7 11. a4 b4 12. Nd5 Nxd5 13. Bxd5 Bxd5 14. exd5 a5 15. O-O Nd7 16. Nc6 Qc7 17. Bd4 Bxd4+ 18. Qxd4 Qb6 19. Rad1 Ra6 20. Rfe1 Qxd4+ 21. Rxd4 e5 22. dxe6 Rxc6 23. exd7+ Kxd7 24. Re2 Re8 1/2-1/2

[Event "Winnipeg Apr Sect-A"]
[Site "Winnipeg CAN"]
[Date "2007.04.22"]
[Round "5"]
[White "Boron, Anthony"]
[Black "Khedkar, Jay S"]
[Result "1/2-1/2"]
[WhiteElo "2012"]
[BlackElo "1974"]
[PlyCount "74"]
[GameId "2160767910693072"]
[EventDate "2007.04.20"]
[EventType "tourn"]
[EventRounds "5"]
[EventCountry "CAN"]
[SourceTitle "EXT 2019"]
[Source "ChessBase"]
[SourceDate "2018.10.10"]
[SourceVersion "1"]
[SourceVersionDate "2018.10.10"]
[SourceQuality "1"]

1. e4 c5 2. Nc3 e6 3. g3 Nc6 4. Bg2 Nf6 5. Nge2 Be7 6. O-O O-O 7. d4 cxd4 8. Nxd4 a6 9. Be3 Qc7 10. a4 d6 11. Qe2 Ne5 12. Kh1 Bd7 13. f4 Nc4 14. Bc1 Rac8 15. b3 Qa5 16. Nd1 Qb6 17. Nf3 Na5 18. Qd3 Qc7 19. c4 Qb6 20. Rb1 Rfd8 21. Be3 Qc7 22. f5 Bc6 23. Nd4 e5 24. Ne2 b6 25. h3 Nb7 26. g4 Nc5 27. Bxc5 dxc5 28. Qe3 Qb7 29. Ndc3 Rd4 30. Nd5 Bxd5 31. exd5 Nxg4 32. hxg4 Rxg4 33. Rf3 Bg5 34. Qc3 e4 35. Rg3 Bf6 36. Qe1 Bh4 37. Bh3 Bxg3 1/2-1/2